Statistics for France Euro 2016 Squad

Click here to take the quiz!

General Stats

  • This quiz has been taken 243 times
  • The average score is 14 of 23

Answer Stats

PositionPlayer% Correct
GKHugo Lloris
98%
FWDAntoine Griezmann
92%
MIDPaul Pogba
92%
FWDOlivier Giroud
85%
GKSteve Mandanda
78%
MIDDimitri Payet
71%
MIDBlaise Matuidi
69%
DEFLaurent Koscielny
69%
MIDN'Golo Kante
69%
DEFPatrice Evra
68%
DEFBacary Sagna
64%
FWDAnthony Martial
58%
FWDAndre-Pierre Gignac
57%
FWDKingsley Coman
56%
MIDMoussa Sissoko
49%
DEFAdil Rami
48%
MIDYohan Cabaye
45%
DEFLucas Digne
41%
GKBenoit Costil
36%
DEFEliaquim Mangala
36%
DEFChristophe Jallet
33%
MIDLassana Diarra
26%
DEFJeremy Mathieu
21%

Score Distribution

Percentile by Number Answered

Percent of People with Each Score

Your Score History

You have not taken this quiz